书目信息 |
| 题名: |
泰晤士世界历史地图集
|
|
| 作者: | 巴勒克拉夫 主编 | |
| 分册: | ||
| 出版信息: | 北京 生活·读书·新知三联书店 1982 |
|
| 页数: | 360页 | |
| 开本: | 26cm | |
| 丛书名: | ||
| 单 册: | ||
| 中图分类: | K991 | |
| 科图分类: | ||
| 主题词: | 地图 | |
| 电子资源: | ||
| ISBN: | ||
| 000 | 00584nam0 2200193 450 | |
| 001 | 0629807464 | |
| 005 | 20060529082100.64 | |
| 010 | @b精装@dCNY75.00 | |
| 100 | @a20060529d1982 km y0chiy0120 ea | |
| 101 | 0 | @achi |
| 102 | @aCN@b110000 | |
| 200 | 1 | @a泰晤士世界历史地图集@Atai wu shi shi jie li shi di tu ji@f杰弗里·巴勒克拉夫主编@Fjie fu li·ba le ke la fu zhu bian |
| 210 | @a北京@c生活·读书·新知三联书店@d1982 | |
| 215 | 1 | @a360页@d26cm |
| 606 | 0 | @a地图 |
| 690 | @aK991@v4 | |
| 701 | 0 | @a巴勒克拉夫@Aba le ke la fu@4主编 |
| 801 | 0 | @aCN@bPFT@c20060529 |
| 905 | @a10447@dK991@e12 | |
| 泰晤士世界历史地图集/杰弗里·巴勒克拉夫主编.-北京:生活·读书·新知三联书店,1982 |
| 360页;26cm |
| ISBN (精装):CNY75.00 |
| ● |
| 相关链接 |
|
|
|
|
正题名:泰晤士世界历史地图集
索取号:K991/12
 
预约/预借
| 序号 | 登录号 | 条形码 | 馆藏地/架位号 | 状态 | 备注 |
| 1 | 0122321 | 202265618 | 第二样本阅览室/ [索取号:K991/12] | 在馆 | |
| 2 | 0122379 | 202265155 | 密集书库/ [索取号:K991/12] | 在馆 |